000
00279nam a22001097a 4500
008
180806b xxu||||| |||| 00| 0 eng d
082
_a
813.52
245
_a
Epidemiology and Prevention of Vaccine-Preventable Disease
_c
CDC
260
_c
2010
300
_a
5
_f
CD
942
_2
ddc
_c
MX
999
_c
46807
_d
46807